| 000 | 00367 a2200157 4500 | ||
|---|---|---|---|
| 001 | 156921 | ||
| 020 | _a8532244122 | ||
| 040 | _cEscola São Tomás de Aquino | ||
| 100 | _aBRAZ, Júlio Emílio | ||
| 240 | 1 | 0 |
_aUm conto de fim de mundo _lpor |
| 245 | 1 | 0 | _aUm conto de fim de mundo |
| 300 | _a64 | ||
| 362 | 0 | _a2000 | |
| 697 | _a*LITERATURA JUVENIL | ||
| 942 | _cBK | ||
| 999 |
_c156921 _d156921 |
||